| 000 | 00865 a2200217 4500 | ||
|---|---|---|---|
| 005 | 20260205084528.0 | ||
| 008 | 260205b |||||||| |||| 00| 0 eng d | ||
| 020 | _a9789380146010 (hbk) | ||
| 037 | _cTB | ||
| 040 |
_aCRL _cCRL |
||
| 041 |
_2hin _ahin |
||
| 084 |
_aO152,3N54x Q2 _qCRL |
||
| 100 |
_aराय, हरियश _9864118 |
||
| 245 | _aअंतिम पड़ाव | ||
| 260 |
_bकिताबघर प्रकाशन, _c2012. _aनयी दिल्ली, भारत: |
||
| 300 | _a112पृ. | ||
| 365 |
_b180.00 _cINR |
||
| 650 |
_aहिन्दी कहानी _91113755 |
||
| 942 |
_cTB _2CC _n0 _hO152,3N54x Q2 |
||
| 999 |
_c1467573 _d1467573 |
||